000 00421nam a22001697a 4500
003 CEME
005 20210628202437.0
008 210315b xxu||||| |||| 00| 0 eng d
020 _a0-86720-469-9
040 _c.
082 _a515 GRE'I
100 _aGreyory, John Redmond, D
_959931
245 _aIntroduction to numerical analysis
260 _aBOSTON
_bJONES & BARTLETT
_c1994
300 _a325P
942 _cBK
_2ddc
999 _c569792
_d569792